Witness tips (Record no. 75370)

MARC details
000 -LEADER
fixed length control field 01073cab a2200181 4500
001 - CONTROL NUMBER
control field L129964
008 - FIXED-LENGTH DATA ELEMENTS--GENERAL INFORMATION
fixed length control field 050610n2005 000 0 eng u
035 ## - SYSTEM CONTROL NUMBER
System control number (Sirsi) u129964
041 ## - LANGUAGE CODE
Language code of text/sound track or separate title eng
100 ## - MAIN ENTRY--PERSONAL NAME
Personal name O'Driscoll, Roderick
245 ## - TITLE STATEMENT
Title Witness tips
Remainder of title part 2
260 ## - PUBLICATION, DISTRIBUTION, ETC.
Date of publication, distribution, etc. 2005
490 ## - SERIES STATEMENT
Series statement Site Recorder
Volume/sequential designation 123(1466) June 2005, 4(1)
520 ## - SUMMARY, ETC.
Summary, etc. Gives further advice for those in construction disputes called to give evidence. Notes that it is important to make sure that statements given are always consistent and not contradicted by anything written in other records. It is also crucial that the full context of the evidence given is understood. This should be done in conjunction with the solicitor running the case who should provide up to date and relevant copies of all the other evidence they are presenting and the statement of the other witnesses giving evidence. (See also L129908 and L130337)
590 ## - LOCAL NOTE (RLIN)
Local note IKA040705
690 ## - LOCAL SUBJECT ADDED ENTRY--TOPICAL TERM (OCLC, RLIN)
Topical term or geographic name as entry element MANAGEMENT-DISPUTE AVOIDANCE, MANAGEMENT AND RESOLUTION-DISPUTE MANAGEMENT AND RESOLUTION-EXPERT WITNESSES
942 ## - ADDED ENTRY ELEMENTS (KOHA)
Suppress in OPAC 0
Holdings
Withdrawn status Lost status Source of classification or shelving scheme Damaged status Not for loan Home library Current library Shelving location Date acquired Total Checkouts Full call number Barcode Date last seen Copy number Price effective from Koha item type
    Dewey Decimal Classification     London London Journal article 10/06/2005   L129964 129964-1001 06/08/2019 1 06/08/2019 Journal article